Un uomo solo /

Saved in:
Bibliografiske detaljer
Hovedforfatter: Isherwood, Christopher
Format: Bog
Sprog:engelsk
Udgivet: Milano Adelphi 2010
Udgivelse:3. ed.
Serier:Fabula
Tags: Tilføj Tag
Ingen Tags, Vær først til at tagge denne postø!

MARC

LEADER 00000nam a2200000 4500
001 CDOM0000004491
003 mi
005 20251002120406.0
008 251002b |||||||| |||| 00| 0 eng d
020 |a 9788845924682 
040 |c mi 
100 |a Isherwood, Christopher 
245 1 |a Un uomo solo /  |c Christopher Isherwood 
250 |a 3. ed. 
260 |a Milano  |b Adelphi  |c 2010 
300 |a 148 p.  |c 22 cm. 
490 |a Fabula 
942 |2 ddc  |c BK 
952 |0 0  |1 0  |2 ddc  |4 0  |6 B_LNR02ISHCHUOM11  |7 0  |9 7404  |a MI  |b MI  |d 2010-07-05  |i 6016  |l 0  |o B-LNR02-ISHCH-UOM11  |p CDOM6016  |r 2025-07-13 16:28:00  |w 2025-07-13  |x ACQUISTO  |y BK 
999 |c 6101  |d 6101